| 000 | 01016nam a22003137a 4500 | ||
|---|---|---|---|
| 001 | 0004895 | ||
| 003 | DO-SdBPM | ||
| 005 | 20260220095907.0 | ||
| 007 | ta | ||
| 008 | 160621b1982 sp a | 00| 0 spa d | ||
| 020 | _a8471120879 | ||
| 040 |
_aDO-SdBPM _bspa _cBPMSU _erda |
||
| 082 | 0 | 4 |
_a370.15 _bK29p 1982 _222 |
| 100 | 1 |
_aKelly, William Antony, _d1900- _eautor _4aut. |
|
| 245 | 1 | 0 |
_a Psicología de la educación / _cWilliam Antony Kelly. _b |
| 264 |
_aMadrid : _bEditorial Morata, _c1982 |
||
| 300 |
_a683 páginas ; _c22 cm _b _e |
||
| 336 |
_atexto _btxt _2rdacontent |
||
| 337 |
_asi mediación _bn _2rdamedia |
||
| 338 |
_avolumen _bnc _2rdacarrier |
||
| 490 | 0 |
_aPedagogía _aPsicología pedagógica |
|
| 500 | _aIncluye índice | ||
| 500 | _aIncluye referencias bibliográficas y notas al pie de las páginas | ||
| 590 | _aInventariado, 2026/VM | ||
| 650 | 7 | _aPsicopedagogía | |
| 650 | 7 | _aPsicología del aprendizaje | |
| 910 | _aVMateo V. Control de calidad. BPMSU | ||
| 942 |
_2ddc _cBK |
||
| 999 |
_c15724 _d15724 |
||